logo

Bir Sreshtho Munshi Abdur Rouf Library
Jhenaidah Cadet College

ভাসানীচরিত / (Record no. 13050)

MARC details
000 -LEADER
fixed length control field 00745nam a2200217 a 4500
001 - CONTROL NUMBER
JCCL Control Number 13050
003 - CONTROL NUMBER IDENTIFIER
JCCL marc code BD-JhCC
005 - DATE AND TIME OF LATEST TRANSACTION
control field 20230615091654.0
008 - FIXED-LENGTH DATA ELEMENTS--GENERAL INFORMATION
fixed length control field 230614b2023 b ||||| ||a| 00| 0 b d
020 ## - INTERNATIONAL STANDARD BOOK NUMBER
International Standard Book Number 9789843621482
035 ## - SYSTEM CONTROL NUMBER
system control number (BD-JhCC)
040 ## - CATALOGING SOURCE
Original cataloging agency BD-JhCC
Modifying agency BD-JhCC
041 ## - LANGUAGE CODE
Language code of Book eng
082 ## - DEWEY DECIMAL CLASSIFICATION NUMBER
Classification number 923
Author mark and Year MAK 2023
100 ## - MAIN ENTRY--PERSONAL NAME
Personal name মকসুদ, সৈয়দ আবুল
245 ## - TITLE STATEMENT
Title ভাসানীচরিত /
Remainder of title মাওলানা ভাসানীর পূণাঙ্গ জীবনী
Statement of responsibility, etc সৈয়দ আবুল মকসুদ
300 ## - PHYSICAL DESCRIPTION
Pagination ৩৯২ পৃ. :
Dimensions ২১ সেমি.
600 ## - SUBJECT ADDED ENTRY--PERSONAL NAME
Personal name Bhashani, Abdul Hamid Khan
Dates associated with a name 12 December 1880 – 17 November 1976
650 ## - SUBJECT ADDED ENTRY--TOPICAL TERM
Topical term or geographic name as entry element Biography
942 ## - ADDED ENTRY ELEMENTS (KOHA)
Source of classification or shelving scheme Dewey Decimal Classification
Koha item type Books
Holdings
Source of classification or shelving scheme Damaged status Not for loan Home library Current library Shelving location Date of accession Cost, normal purchase price Full call number Barcode Date last seen Copy number Method of acquisition Koha item type Currency
Dewey Decimal Classification     JCC Rouf Library JCC Rouf Library General Stacks 06/14/2023 600.00 923 MAK 2023 17979 06/14/2023 C-1 Purchase Books BDT

JCC Library | Contacts | JCC Home

Last Update on 23 September 2017
Copyright @ 2017-2020 JCC Rouf Library
Rouf Library, Jhenidah Cadet College (JCC), Bangladesh